00496 2200181 4500245004100000020002200041250001100063100001900074700001900093650002000112005001900132260003900151041001400190084001100204300002300215500006700238336000900305 aPlease Be MinecEugenia RakhmahText a978-602-455-466-8 aCet. 1 aEugenia Rakhma aShara Yosevina aNovel Indonesia a20230929082857 aJakartabBhuana Ilmu Populerc2018 aIndonesia a808.83 a184 hlm. :c19 cm. aKalau dia berhak bahagia sama pilihannya,kenapa kamu ngga-Evan atext